[Event "FRA-chT2 South 0607"]
[Site "France"]
[Date "2007.03.31"]
[Round "10.5"]
[White "Gachet, Sebastien"]
[Black "Ducret, Thomas"]
[Result "1/2-1/2"]
[WhiteElo "2201"]
[BlackElo "2207"]
[PlyCount "83"]
[EventDate "2006.10.15"]
[EventType "team"]
[EventRounds "11"]
[EventCountry "FRA"]
[SourceTitle "EXT 2008"]
[Source "ChessBase"]
[SourceDate "2007.11.25"]
[SourceVersion "1"]
[SourceVersionDate "2007.11.25"]
[SourceQuality "1"]
[WhiteTeam "Nice"]
[BlackTeam "Condom"]
[WhiteTeamCountry "FRA"]
[BlackTeamCountry "FRA"]

1. e4 e6 2. d4 d5 3. e5 c5 4. c3 Nc6 5. Nf3 Bd7 6. a3 c4 7. Nbd2 Na5 8. b3 cxb3 9. c4 dxc4 10. Nxc4 Nxc4 11. Bxc4 Ne7 12. 0-0 Bc6 13. Bg5 Qd7 14. Bxb3 h6 15. Bxe7 Bxe7 16. d5 Bxd5 17. Bxd5 Qxd5 18. Qa4+ Qc6 19. Qg4 0-0 20. Rfc1 Qb6 21. Rab1 Rac8 22. Rd1 Rfd8 23. Nd4 Qa6 24. h4 Rc4 25. Rd3 Bc5 26. Rg3 g6 27. Qe4 Rdxd4 28. Rxg6+ Kh7 29. Qf3 fxg6 30. Qf7+ Kh8 31. Rxb7 Qxb7 32. Qxb7 Rf4 33. Kh2 Bxf2 34. g3 Rf5 35. Qe7 Rc2 36. Qxe6 Bd4+ 37. Kh3 Kg7 38. Qe7+ Rf7 39. Qb4 Rff2 40. Qb7+ Rf7 41. Qb4 Rff2 42. Qe7+ 1/2-1/2

[Event "FRA-chT2 South 0607"]
[Site "France"]
[Date "2006.11.25"]
[Round "2.2"]
[White "Ducret, Thomas"]
[Black "Colovic, Aleksandar"]
[Result "0-1"]
[WhiteElo "2206"]
[BlackElo "2459"]
[PlyCount "106"]
[EventDate "2006.10.15"]
[EventType "team"]
[EventRounds "11"]
[EventCountry "FRA"]
[SourceTitle "EXT 2008"]
[Source "ChessBase"]
[SourceDate "2007.11.25"]
[SourceVersion "1"]
[SourceVersionDate "2007.11.25"]
[SourceQuality "1"]
[WhiteTeam "Condom"]
[BlackTeam "Grasse"]
[WhiteTeamCountry "FRA"]
[BlackTeamCountry "FRA"]

1. Nf3 c5 2. c4 Nf6 3. Nc3 e6 4. d4 cxd4 5. Nxd4 Bb4 6. Bd2 Nc6 7. a3 Be7 8. Bg5 h6 9. Bh4 0-0 10. e3 a6 11. Be2 d6 12. 0-0 Bd7 13. Rc1 Ne5 14. Nf3 Ng6 15. Bxf6 gxf6 16. Ne4 Bc6 17. Ng3 Qa5 18. Qd2 Qxd2 19. Nxd2 Rab8 20. b4 f5 21. Nh5 Rfc8 22. Rc3 Rc7 23. Rfc1 Rbc8 24. g3 Ne5 25. f4 Nd7 26. b5 Bxb5 27. e4 fxe4 28. Nxe4 Bc6 29. Bd3 f5 30. Nd2 Nc5 31. Bc2 Kf7 32. Re3 Ne4 33. Bxe4 Bxe4 34. Nxe4 fxe4 35. Rxe4 d5 36. Re5 Bd6 37. Re2 Rxc4 38. Rce1 Rc1 39. Rxe6 Rxe1+ 40. Rxe1 Bxa3 41. f5 Rc1 42. Kf1 Rxe1+ 43. Kxe1 Bd6 44. h4 a5 45. Kd2 a4 46. g4 a3 47. Kc2 d4 48. g5 hxg5 49. hxg5 d3+ 50. Kxd3 a2 51. g6+ Kf8 52. Nf6 a1Q 53. g7+ Kxg7 0-1

[Event "FRA-chT2 South 0607"]
[Site "France"]
[Date "2006.10.15"]
[Round "1.1"]
[White "Ducret, Thomas"]
[Black "Touzane, Olivier"]
[Result "1/2-1/2"]
[WhiteElo "2206"]
[BlackElo "2341"]
[PlyCount "84"]
[EventDate "2006.10.15"]
[EventType "team"]
[EventRounds "11"]
[EventCountry "FRA"]
[SourceTitle "EXT 2008"]
[Source "ChessBase"]
[SourceDate "2007.11.25"]
[SourceVersion "1"]
[SourceVersionDate "2007.11.25"]
[SourceQuality "1"]
[WhiteTeam "Condom"]
[BlackTeam "Palavas les Flots"]
[WhiteTeamCountry "FRA"]
[BlackTeamCountry "FRA"]

1. Nf3 Nf6 2. c4 g6 3. Nc3 Bg7 4. d4 0-0 5. e3 d6 6. Be2 Nbd7 7. 0-0 e5 8. b4 Ng4 9. b5 f5 10. a4 f4 11. exf4 exf4 12. Nd5 g5 13. Nxg5 Qxg5 14. Bxg4 Nb6 15. Bf3 Nxd5 16. Bxd5+ Kh8 17. Ra3 Bg4 18. Bf3 Be6 19. d5 Bf5 20. Qd2 Be5 21. Re1 Qg7 22. Rb3 Rae8 23. a5 b6 24. Re2 Rg8 25. Qe1 Bh3 26. Qf1 bxa5 27. Kh1 a4 28. Ra3 Bd7 29. Rxa4 Bf5 30. Rea2 Qg6 31. R4a3 Re7 32. h3 Rge8 33. Kh2 Bb1 34. Rd2 Bf6 35. Be2 Be5 36. Bf3 Bc3 37. Qd1 Re1 38. Qb3 Rxc1 39. Rd1 Re1 40. Rxe1 Bxe1 41. Qb2+ Kg8 42. Qxc1 Bxf2 1/2-1/2

[Event "FRA-chT2 0405"]
[Site "France"]
[Date "2005.04.03"]
[Round "11.1"]
[White "Olivier, Jean Christophe"]
[Black "Ducret, Thomas"]
[Result "1-0"]
[WhiteElo "2364"]
[BlackElo "2199"]
[PlyCount "95"]
[EventDate "2004.10.10"]
[EventType "team"]
[EventRounds "11"]
[EventCountry "FRA"]
[SourceTitle "EXT 2006"]
[Source "ChessBase"]
[SourceDate "2005.11.24"]
[SourceVersion "1"]
[SourceVersionDate "2005.11.24"]
[SourceQuality "1"]

1. e4 c5 2. Nf3 e6 3. d4 cxd4 4. Nxd4 Nc6 5. Nb5 d6 6. c4 Nf6 7. N1c3 a6 8. Na3 Be7 9. Be2 0-0 10. Be3 b6 11. 0-0 Ne5 12. f3 Bb7 13. Qe1 Qc7 14. Rc1 Ned7 15. Qf2 Rac8 16. Rfd1 Rfe8 17. Nab1 Bd8 18. Bf1 Qb8 19. b3 Bc7 20. g3 Qa8 21. Qd2 Ne5 22. Bg2 Bc6 23. a4 Ned7 24. b4 Bb7 25. Bd4 Bd8 26. Qa2 Be7 27. Nd2 a5 28. bxa5 bxa5 29. Nb5 Nc5 30. Nb3 Nxb3 31. Qxb3 Nd7 32. Qb2 e5 33. Be3 Qa6 34. Bh3 Red8 35. c5 d5 36. exd5 Bxc5 37. Bxc5 Rxc5 38. Bxd7 Rxc1 39. Rxc1 Qb6+ 40. Kg2 Rxd7 41. Qxe5 Qd8 42. d6 Ba6 43. Rc7 Kf8 44. g4 Qe8 45. Rxd7 Qxd7 46. Nc7 Bc4 47. Qe4 Ba6 48. Nxa6 1-0

[Event "FRA-chT2 0405"]
[Site "France"]
[Date "2005.01.08"]
[Round "5.1"]
[White "Ducret, Thomas"]
[Black "Solodovnichenko, Yuri"]
[Result "1/2-1/2"]
[WhiteElo "2199"]
[BlackElo "2514"]
[PlyCount "158"]
[EventDate "2004.10.10"]
[EventType "team"]
[EventRounds "11"]
[EventCountry "FRA"]
[SourceTitle "EXT 2006"]
[Source "ChessBase"]
[SourceDate "2005.11.24"]
[SourceVersion "1"]
[SourceVersionDate "2005.11.24"]
[SourceQuality "1"]
[WhiteTeam "Condom"]
[BlackTeam "Marseille EFE"]
[WhiteTeamCountry "FRA"]
[BlackTeamCountry "FRA"]

1. Nf3 Nf6 2. c4 c5 3. Nc3 e6 4. d4 cxd4 5. Nxd4 a6 6. a3 d5 7. cxd5 Nxd5 8. Bd2 Bc5 9. Nb3 Ba7 10. g3 Qb6 11. e3 Bd7 12. Nxd5 exd5 13. Ba5 Qh6 14. Bg2 0-0 15. 0-0 Ba4 16. Qxd5 Nc6 17. Nd4 Bxd4 18. exd4 Bb5 19. Bc3 Rad8 20. Qc5 Bxf1 21. Rxf1 Rfe8 22. Qb6 Qh5 23. Qxb7 Nxd4 24. Bxd4 Rxd4 25. Qxa6 Qe2 26. Qxe2 Rxe2 27. b4 Rb2 28. Bc6 g5 29. Ra1 Kg7 30. b5 Ra4 31. h3 h5 32. Kg2 h4 33. gxh4 gxh4 34. Re1 Rxa3 35. Re4 Rg3+ 36. Kf1 Rb1+ 37. Re1 Rxe1+ 38. Kxe1 Rxh3 39. b6 Rb3 40. b7 Rb2 41. Kf1 h3 42. Kg1 f5 43. Kh2 Rxf2+ 44. Kxh3 Rb2 45. Kg3 Kf6 46. Kf4 Rb4+ 47. Ke3 Ke5 48. Kd3 Kd6 49. Bg2 Kc7 50. Kc3 Rb1 51. Kc4 Rd1 52. Bf3 Rd8 53. Kc3 f4 54. Be4 Rd1 55. Kc4 Rd8 56. Kc3 Rd1 57. Kc4 Ra1 58. Kd3 Ra3+ 59. Kd2 Re3 60. Bd5 Re8 61. Bf3 Kd6 62. Bg2 Ke5 63. Bf3 Kd4 64. Bc6 Rd8 65. Bf3 Rh8 66. Bg2 Ke5 67. Bf3 Kd4 68. Bg2 Rg8 69. Bc6 Kc5 70. Bf3 Re8 71. Bg2 Kb6 72. Bf3 Kc7 73. Bg2 Re3 74. Bd5 Re5 75. Bf3 Rb5 76. Kc3 Kd6 77. Kd4 Rb4+ 78. Kc3 Kc5 79. Be4 Rb6 1/2-1/2

[Event "FRA-chT2 0405"]
[Site "France"]
[Date "2004.10.10"]
[Round "1.5"]
[White "Lemeaux, David"]
[Black "Ducret, Thomas"]
[Result "1-0"]
[WhiteElo "2175"]
[BlackElo "2199"]
[PlyCount "139"]
[EventDate "2004.10.10"]
[EventType "team"]
[EventRounds "11"]
[EventCountry "FRA"]
[SourceTitle "EXT 2006"]
[Source "ChessBase"]
[SourceDate "2005.11.24"]
[SourceVersion "1"]
[SourceVersionDate "2005.11.24"]
[SourceQuality "1"]
[WhiteTeam "Tournefeuille"]
[BlackTeam "Condom"]
[WhiteTeamCountry "FRA"]
[BlackTeamCountry "FRA"]

1. e4 c5 2. Nc3 e6 3. g3 d5 4. d3 Nf6 5. Bg2 Be7 6. e5 Nfd7 7. f4 Nc6 8. Nf3 Rb8 9. 0-0 b5 10. Ne2 0-0 11. c3 b4 12. c4 Nb6 13. b3 f5 14. h3 Rb7 15. Qc2 Rd7 16. Be3 dxc4 17. dxc4 Qc7 18. Rad1 Rfd8 19. g4 g6 20. Nc1 Bb7 21. Nd3 Nd4 22. Bxd4 cxd4 23. Qe2 Be4 24. Nd2 Bxg2 25. Qxg2 Qb7 26. Rf3 Kh8 27. g5 a5 28. h4 Bf8 29. h5 gxh5 30. Rh3 Qxg2+ 31. Kxg2 Rg7 32. Rxh5 Nd7 33. Nf3 Nc5 34. Nxc5 Bxc5 35. Rd3 Kg8 36. Rh6 Rg6 37. Rh1 Rg7 38. Kf2 Bb6 39. Ke2 Bc5 40. Rd2 Bb6 41. Kd3 Bc5 42. Rdh2 Bf8 43. Rh6 Re7 44. R6h4 Rg7 45. R1h3 Rdd7 46. Rh2 Rd8 47. Rc2 Bc5 48. Rh6 Rg6 49. Rch2 Rd7 50. Rxg6+ hxg6 51. Rh6 Rg7 52. Nh4 Kf7 53. Rh8 Bb6 54. Nf3 Ke7 55. Rb8 Bc7 56. Rb7 Kd8 57. Nxd4 Kc8 58. Rb5 Kd7 59. c5 Rh7 60. c6+ Kc8 61. Nxe6 Rh2 62. Nxc7 Kxc7 63. Rxa5 Rh3+ 64. Kc4 Rf3 65. Rd5 Rxf4+ 66. Kc5 Rf2 67. Rd7+ Kc8 68. e6 f4 69. e7 Re2 70. Kb6 1-0

[Event "FRA-chT2 0304a"]
[Site "France"]
[Date "2004.04.04"]
[Round "11.5"]
[White "Ducret, Thomas"]
[Black "Banerjee, Niki"]
[Result "1/2-1/2"]
[WhiteElo "2209"]
[BlackElo "2056"]
[PlyCount "112"]
[EventDate "2003.10.??"]
[EventType "team"]
[EventRounds "11"]
[EventCountry "FRA"]
[SourceTitle "EXT 2005"]
[Source "ChessBase"]
[SourceDate "2004.11.15"]
[SourceVersion "1"]
[SourceVersionDate "2004.11.15"]
[SourceQuality "1"]
[WhiteTeam "Condom"]
[BlackTeam "Echiquier Nicois II"]
[WhiteTeamCountry "FRA"]
[BlackTeamCountry "FRA"]

1. Nf3 d5 2. d4 Nf6 3. c4 c6 4. Nc3 e6 5. e3 Nbd7 6. Qc2 Bd6 7. Bd3 0-0 8. 0-0 e5 9. cxd5 cxd5 10. e4 dxe4 11. Nxe4 Nxe4 12. Bxe4 h6 13. Be3 Qe7 14. Bh7+ Kh8 15. Rfe1 Nf6 16. dxe5 Nxh7 17. exd6 Qxd6 18. Rad1 Qf6 19. Bd4 Qc6 20. Qxc6 bxc6 21. Bc5 Rg8 22. Nd4 Ng5 23. b4 a5 24. a3 axb4 25. Bxb4 c5 26. Bxc5 Ne6 27. Bb4 Nxd4 28. Rxd4 Be6 29. g4 Rgc8 30. Kg2 Rc2 31. Red1 Kh7 32. Kg3 Rac8 33. R1d2 Rc1 34. Rd1 R1c2 35. R4d2 Rxd2 36. Rxd2 Rc1 37. f3 Kg6 38. Bf8 Rc8 39. Bd6 Rc3 40. Rd4 Rc4 41. Rd3 f5 42. Re3 Kf7 43. h3 g5 44. f4 Rc1 45. gxf5 Bxf5 46. fxg5 hxg5 47. Bb4 Rc4 48. Be7 Kg6 49. Rb3 Re4 50. Bd8 Rd4 51. Be7 Rd3+ 52. Rxd3 Bxd3 53. a4 Kf5 54. Bd8 Bf1 55. a5 Ba6 56. Bxg5 Kxg5 1/2-1/2

[Event "Condom op 2nd"]
[Site "Condom"]
[Date "2003.07.13"]
[Round "2"]
[White "Bokros, Albert"]
[Black "Ducret, Thomas"]
[Result "1/2-1/2"]
[WhiteElo "2477"]
[BlackElo "2223"]
[PlyCount "85"]
[EventDate "2003.07.12"]
[EventType "swiss"]
[EventRounds "9"]
[EventCountry "FRA"]
[SourceTitle "CBM 095 Extra"]
[Source "ChessBase"]
[SourceDate "2003.09.04"]
[SourceVersion "1"]
[SourceVersionDate "2003.09.04"]
[SourceQuality "1"]

1. e4 c5 2. Nf3 e6 3. d4 cxd4 4. Nxd4 Nc6 5. Nc3 d6 6. Be2 Nf6 7. Be3 Be7 8. 0-0 0-0 9. f4 Bd7 10. Kh1 Nxd4 11. Bxd4 Bc6 12. Bd3 Nd7 13. Qh5 Bf6 14. Bxf6 Nxf6 15. Qh3 e5 16. fxe5 dxe5 17. Qg3 Qe7 18. Rf5 Rae8 19. Raf1 Kh8 20. Bc4 b5 21. Rxf6 gxf6 22. Bxb5 Bxb5 23. Nxb5 Rg8 24. Qf2 Rg4 25. Qe2 Rf4 26. Re1 f5 27. Nc3 Qb7 28. g3 Rg4 29. Qf3 Qxb2 30. Nd5 Rxe4 31. Rxe4 fxe4 32. Qf6+ Kg8 33. Qg5+ Kh8 34. Nf6 Qb1+ 35. Kg2 Qxc2+ 36. Kh3 Qc8+ 37. Kh4 Re6 38. Qh6 Rxf6 39. Qxf6+ Kg8 40. Qxe5 Qd8+ 41. Kh5 Qd3 42. Qb8+ Kg7 43. Qe5+ 1/2-1/2

[Event "Condom op 2nd"]
[Site "Condom"]
[Date "2003.07.13"]
[Round "3"]
[White "Ducret, Thomas"]
[Black "Piankov, Evgenij"]
[Result "1-0"]
[WhiteElo "2223"]
[BlackElo "2369"]
[PlyCount "143"]
[EventDate "2003.07.12"]
[EventType "swiss"]
[EventRounds "9"]
[EventCountry "FRA"]
[SourceTitle "CBM 095 Extra"]
[Source "ChessBase"]
[SourceDate "2003.09.04"]
[SourceVersion "1"]
[SourceVersionDate "2003.09.04"]
[SourceQuality "1"]

1. Nf3 d5 2. d4 c6 3. c4 e6 4. e3 Bd6 5. Nbd2 f5 6. Be2 Nf6 7. b3 0-0 8. Bb2 b6 9. 0-0 Bb7 10. Ne5 Nbd7 11. f4 Rc8 12. a4 c5 13. a5 Ne4 14. Nxe4 dxe4 15. Nxd7 Qxd7 16. axb6 axb6 17. dxc5 bxc5 18. Ra7 Rfd8 19. Qa1 Bb8 20. Rd1 Qe7 21. Ra2 Rxd1+ 22. Qxd1 Rd8 23. Qe1 e5 24. g3 exf4 25. gxf4 h6 26. h4 Kh7 27. h5 Rg8 28. Kf1 Qe6 29. Qf2 Qb6 30. Ra3 Bc6 31. Bc3 Be8 32. Qh4 Bc7 33. Qe7 Bd8 34. Qa7 Qd6 35. Ra6 Qf8 36. Be5 Bh4 37. Qc7 Bf7 38. Ra7 Be6 39. Bd6 Qf6 40. Be5 Qf8 41. Qd6 Qe8 42. Qxc5 Bd8 43. Bd4 Kh8 44. Qe5 Bf6 45. Qxf6 gxf6 46. Bxf6+ Rg7 47. Rxg7 Bf7 48. Rxf7+ Kg8 49. Rg7+ Kf8 50. Bd4 Qb8 51. Rh7 Qxb3 52. Rxh6 Qb1+ 53. Kf2 Qh1 54. Rg6 Qh4+ 55. Kf1 Qh1+ 56. Rg1 Qh3+ 57. Ke1 Ke7 58. c5 Kd7 59. Bb5+ Ke6 60. Bc4+ Kd7 61. Bb5+ Ke6 62. Bc4+ Kd7 63. Rg7+ Kc6 64. Rg6+ Kc7 65. Be2 Qh1+ 66. Kd2 Qb1 67. Rb6 Qa2+ 68. Ke1 Qg8 69. h6 Qg3+ 70. Kd2 Qh2 71. Rg6 Qh1 72. h7 1-0

[Event "Creon op 7th"]
[Site "Creon"]
[Date "2002.08.02"]
[Round "7"]
[White "Ducret, Thomas"]
[Black "Cochet, Caroline"]
[Result "1/2-1/2"]
[WhiteElo "2213"]
[BlackElo "2043"]
[PlyCount "93"]
[EventDate "2002.07.29"]
[EventType "swiss"]
[EventRounds "9"]
[EventCountry "FRA"]
[SourceTitle "CBM 089 Extra"]
[Source "ChessBase"]
[SourceDate "2002.09.10"]
[SourceVersion "2"]
[SourceVersionDate "2002.09.10"]
[SourceQuality "1"]

1. d4 d5 2. Nf3 Nf6 3. c4 e6 4. Nc3 Nbd7 5. Bg5 Bb4 6. e3 c5 7. cxd5 exd5 8. Bb5 Qa5 9. Bxf6 Qxb5 10. Bxg7 Rg8 11. Be5 Nxe5 12. Nxe5 Be6 13. Qf3 Rc8 14. Rd1 cxd4 15. exd4 Bxc3+ 16. bxc3 Qb2 17. 0-0 Rxc3 18. Qf6 Qb6 19. Rb1 Qc7 20. Rfe1 Kf8 21. Qh6+ Rg7 22. Rbc1 Rxc1 23. Rxc1 Qe7 24. h4 f6 25. Nd3 Kg8 26. Nf4 Qf7 27. Rc5 Kh8 28. a4 a6 29. a5 Kg8 30. g3 Kh8 31. Kg2 Kg8 32. Kh2 Kh8 33. Rc7 Qxc7 34. Nxe6 Qf7 35. Qxg7+ Qxg7 36. Nxg7 Kxg7 37. g4 f5 38. Kg3 Kg6 39. Kf4 fxg4 40. Kxg4 h6 41. Kf4 Kf6 42. h5 Ke6 43. Kg4 Kf6 44. f4 Ke6 45. f5+ Kf7 46. Kg3 Ke7 47. Kg4 1/2-1/2

[Event "Saint Affrique op 09th"]
[Site "Saint Affrique"]
[Date "2001.07.25"]
[Round "6.8"]
[White "Boudre, Jean Pierre"]
[Black "Ducret, Thomas"]
[Result "1-0"]
[WhiteElo "2312"]
[BlackElo "2209"]
[PlyCount "81"]
[EventDate "2001.07.??"]
[EventType "swiss"]
[EventRounds "9"]
[EventCountry "FRA"]
[SourceTitle "EXT 2003"]
[Source "ChessBase"]
[SourceDate "2002.11.25"]
[SourceVersion "1"]
[SourceVersionDate "2002.11.25"]
[SourceQuality "1"]

1. e4 c5 2. Nf3 e6 3. d4 cxd4 4. Nxd4 a6 5. Nc3 b5 6. Bd3 Qb6 7. Nf3 Qc7 8. 0-0 Bb7 9. Re1 d6 10. Bf4 b4 11. Na4 e5 12. Bd2 Nc6 13. c3 a5 14. Rc1 Nf6 15. cxb4 axb4 16. Bxb4 Be7 17. Bd2 0-0 18. b4 Qb8 19. b5 Nd8 20. Nc3 Ne6 21. a4 Nc5 22. Bg5 Qa7 23. Bxf6 Bxf6 24. Bc4 Nxa4 25. Nxa4 Qxa4 26. Qxd6 Rfc8 27. Qd7 Rxc4 28. Rxc4 Qxc4 29. Qxb7 Rc8 30. h3 h6 31. b6 Qc3 32. Rd1 g6 33. Kh2 Bg5 34. h4 Bf4+ 35. Kh1 Qc2 36. Ra1 Rd8 37. Qe7 Rd1+ 38. Rxd1 Qxd1+ 39. Ng1 Qg4 40. Qd8+ Kg7 41. b7 1-0

[Event "Saint Affrique op 09th"]
[Site "Saint Affrique"]
[Date "2001.07.22"]
[Round "2.24"]
[White "Boulan, Jean Marc"]
[Black "Ducret, Thomas"]
[Result "1-0"]
[WhiteElo "1980"]
[BlackElo "2209"]
[PlyCount "65"]
[EventDate "2001.07.??"]
[EventType "swiss"]
[EventRounds "9"]
[EventCountry "FRA"]
[SourceTitle "EXT 2003"]
[Source "ChessBase"]
[SourceDate "2002.11.25"]
[SourceVersion "1"]
[SourceVersionDate "2002.11.25"]
[SourceQuality "1"]

1. e4 c5 2. Nc3 Nc6 3. g3 g6 4. Bg2 Bg7 5. d3 d6 6. f4 e5 7. Nh3 Nge7 8. 0-0 0-0 9. f5 gxf5 10. exf5 f6 11. g4 d5 12. Kh1 Nd4 13. Be3 b5 14. Ne2 Nxe2 15. Qxe2 Qd6 16. Qf2 Bb7 17. Bxc5 Qd7 18. d4 a6 19. dxe5 fxe5 20. Ng5 d4 21. Ne6 Rf6 22. Bxe7 Qxe7 23. g5 Rxe6 24. fxe6 Rf8 25. Qe2 Rxf1+ 26. Rxf1 Bc8 27. Qf3 Bxe6 28. Qa8+ Bf8 29. Bd5 Bxd5+ 30. Qxd5+ Kg7 31. Rf5 e4 32. Qxd4+ Kg6 33. Qf6+ 1-0

[Event "FRA-chT U18"]
[Site "France"]
[Date "1996.??.??"]
[Round "?"]
[White "Ducret, Thomas"]
[Black "Cantiron, Florence"]
[Result "1/2-1/2"]
[WhiteElo "1930"]
[BlackElo "1940"]
[PlyCount "51"]
[EventDate "1996.??.??"]
[EventType "team"]
[EventRounds "11"]
[EventCountry "FRA"]
[SourceTitle "EXT 2004"]
[Source "ChessBase"]
[SourceDate "2003.11.25"]
[SourceVersion "1"]
[SourceVersionDate "2003.11.25"]
[SourceQuality "1"]

1. Nf3 c5 2. c4 g6 3. d4 cxd4 4. Nxd4 Bg7 5. e4 Nf6 6. Nc3 d6 7. Be2 0-0 8. Be3 Nc6 9. 0-0 Bd7 10. Qd2 Rc8 11. f3 Ne5 12. b3 a6 13. Rac1 Bc6 14. Rfd1 Qd7 15. Bf1 Ne8 16. Nxc6 Rxc6 17. Nd5 Nf6 18. Nb4 Rcc8 19. Qf2 Qe6 20. Nc2 Nc6 21. b4 Nd7 22. c5 dxc5 23. bxc5 Nde5 24. Rb1 Rc7 25. Na3 Rd8 26. Rxd8+ 1/2-1/2

[Event "FRA-chT U18"]
[Site "France"]
[Date "1996.??.??"]
[Round "?"]
[White "Hamida, Ouahid"]
[Black "Ducret, Thomas"]
[Result "1/2-1/2"]
[WhiteElo "2130"]
[BlackElo "1930"]
[PlyCount "48"]
[EventDate "1996.??.??"]
[EventType "team"]
[EventRounds "11"]
[EventCountry "FRA"]
[SourceTitle "EXT 2004"]
[Source "ChessBase"]
[SourceDate "2003.11.25"]
[SourceVersion "1"]
[SourceVersionDate "2003.11.25"]
[SourceQuality "1"]

1. e4 c5 2. Nc3 Nc6 3. g3 g6 4. Bg2 Bg7 5. d3 d6 6. f4 e5 7. Nf3 Nge7 8. Be3 Nd4 9. Qd2 0-0 10. 0-0 exf4 11. Bxf4 Qb6 12. Rab1 Nxf3+ 13. Bxf3 Be6 14. Kh1 Rae8 15. g4 Qd8 16. Nb5 Nc8 17. a3 Qd7 18. Nc3 Ne7 19. Rg1 Nc6 20. Nd1 Ne5 21. Qg2 Nxf3 22. Qxf3 d5 23. Nf2 dxe4 24. dxe4 Qc6 1/2-1/2

[Event "Paris Apsap op1"]
[Site "Paris"]
[Date "1993.??.??"]
[Round "?"]
[White "Ducret, Thomas"]
[Black "Lopez de Castro, Joseph"]
[Result "1-0"]
[WhiteElo "1640"]
[BlackElo "1840"]
[PlyCount "97"]
[EventDate "1993.??.??"]
[EventType "swiss"]
[EventRounds "9"]
[EventCountry "FRA"]
[SourceTitle "EXT 2004"]
[Source "ChessBase"]
[SourceDate "2003.11.25"]
[SourceVersion "1"]
[SourceVersionDate "2003.11.25"]
[SourceQuality "1"]

1. e4 e5 2. Nc3 Nf6 3. Nf3 Nc6 4. Bb5 Bb4 5. 0-0 0-0 6. d3 d6 7. Bg5 Bxc3 8. bxc3 Qe7 9. Bxc6 bxc6 10. h3 h6 11. Bh4 g5 12. Bg3 Nh5 13. Bh2 Nf4 14. Bxf4 gxf4 15. Nh2 Qg5 16. Qf3 Kh7 17. Kh1 Rg8 18. Rg1 Be6 19. c4 Rab8 20. Rab1 Rb6 21. Rxb6 axb6 22. Ra1 f6 23. a3 Bf7 24. Ng4 h5 25. Nh2 Kh8 26. Rg1 h4 27. Qg4 Be8 28. Qxg5 fxg5 29. Ng4 Kg7 30. Ra1 Bd7 31. Kg1 Ra8 32. Kf1 b5 33. c5 Bxg4 34. hxg4 dxc5 35. f3 Kf6 36. Ke2 Ke6 37. Kd2 Kd6 38. Kc3 Ra4 39. Kb3 c4+ 40. dxc4 Rxc4 41. c3 Ra4 42. Rd1+ Ke7 43. Rd2 Ra8 44. Kb4 Rh8 45. Kc5 Rh6 46. Rd3 h3 47. gxh3 Rxh3 48. Kxc6 Rh2 49. Kxb5 1-0